| 000 | 00675nam a2200193Ia 4500 | ||
|---|---|---|---|
| 999 |
_c54902 _d54902 |
||
| 003 | GCL | ||
| 005 | 20240530105324.0 | ||
| 008 | 140319s9999 xx 000 0 ara d | ||
| 040 |
_aGCL / _cGCL |
||
| 082 | 0 | 4 |
_a530/ _bأ س |
| 100 | 1 | _aاحمد شوقى عمار | |
| 245 | 1 | 0 |
_aاساسيات الفيزياء : _bمسائل محلولة فى الفيزياء / _cاحمد شوقى عمار |
| 260 |
_aبيروت : _bدار الراتب الجامعية، _c[199-]. |
||
| 300 |
_a194 ص ؛ _c25سم |
||
| 490 | 0 |
_aسلسلة الفيزياء الهندسية _v0 |
|
| 650 | 0 | 4 | _aالفيزياء |
| 650 | 0 | 4 | _aالفيزياء - دراسة وتعليم |
| 942 |
_2ddc _cBK |
||